02905cam a2200421 a 450000100090000000300040000900500170001300800410003001000170007102000390008802000220012702000390014902000220018802000390021002000220024903500240027104000280029504200140032305000230033724501000036026001140046030000190057444000360059350000190062950002450064850400530089350502700094652007160121652402550193265000300218765000350221765000320225265000310228470000190231571000640233485600440239885600410244215377039OSt20161122114711.0080722s2008 mdu b f001 0 eng d a 2008377562 a9781587633539 (v. 1)z978587633539 a1587633531 (v. 1) a9781587633546 (v. 2)z978587633546 a158763354X (v. 2) a9781587633553 (v. 3)z978587633553 a1587633558 (v. 3) a(OCoLC)ocn237214263 aHNCcHNCdHNCdNOHdDLC alccopycat00aRT87.S24bP38 200800aPatient safety and quality :ban evidence-based handbook for nurses /ceditor, Ronda G. Hughes. aRockville, MD :bAgency for Healthcare Research and Quality, U.S. Dept. of Health and Human Services,c[2008] a3 v. ;c28 cm. 0aAHRQ publication ;vno. 08-0043 a"April 2008." aOn back cover of: v. 1: AHRQ publication no. 08-0043-1, May 2008, ISBN no.: 978-58763-353-9; v. 2 AHRQ publication no. 08-0043-2, May 2008, ISBN no.: 978-58763-354-6; v. 3 AHRQ publication no. 08-0043-3, May 2008, ISBN no.: 978-58763-355-3. aIncludes bibliographical references and indexes.0 av. 1. section 1, Patient safety and quality ; section 2, Evidence-based practice ; section 3, Patient-centered care -- v. 2. section 4, Working conditions and environment ; section 5, Critical opportunities for improvement -- v. 3. section 6, Tools for improvement. a"Nurses play a vital role in improving the safety and quality of patient car -- not only in the hospital or ambulatory treatment facility, but also of community-based care and the care performed by family members. Nurses need know what proven techniques and interventions they can use to enhance patient outcomes. To address this need, the Agency for Healthcare Research and Quality (AHRQ), with additional funding from the Robert Wood Johnson Foundation, has prepared this comprehensive, 1,400-page, handbook for nurses on patient safety and quality -- Patient Safety and Quality: An Evidence-Based Handbook for Nurses. (AHRQ Publication No. 08-0043)." - online AHRQ blurb, http://www.ahrq.gov/qual/nurseshdbk/ aHughes RF (ed.). Patient safety and quality: An evidence-based handbook for nurses. (Prepared with support from the Robert Wood Johnson Foundation.) AHRQ Publication No. 08-0043. Rockville, MD: Agency for Healthcare Research and Quality; April 2008 . 0aNursingxSafety measures. 0aMedical carexQuality control. 0aMedical errorsxPrevention. 0aPatientsxSafety measures.1 aHughes, Ronda.1 aUnited States.bAgency for Healthcare Research and Quality.40uhttp://purl.access.gpo.gov/GPO/LPS9367640uhttp://www.ahrq.gov/qual/nurseshdbk/